<?xml version="1.0" encoding="UTF-8"?>
<record
    xmlns:xsi="http://www.w3.org/2001/XMLSchema-instance"
    xsi:schemaLocation="http://www.loc.gov/MARC21/slim http://www.loc.gov/standards/marcxml/schema/MARC21slim.xsd"
    xmlns="http://www.loc.gov/MARC21/slim">

  <leader>00975nam a22002417a 4500</leader>
  <controlfield tag="008">170902s2016        cl||||| |||| 00| 0 spa d</controlfield>
  <datafield tag="082" ind1="0" ind2="4">
    <subfield code="a">707</subfield>
    <subfield code="b">C744r</subfield>
  </datafield>
  <datafield tag="100" ind1="1" ind2=" ">
    <subfield code="a">Concha, Oscar.</subfield>
    <subfield code="9">5956</subfield>
  </datafield>
  <datafield tag="245" ind1="1" ind2="0">
    <subfield code="a">Recorrido y temporalidad de una geograf&#xED;a particular :</subfield>
    <subfield code="b">residencia de Oscar Concha /</subfield>
    <subfield code="c">editado por Oscar Concha ; texto por Leslie Fern&#xE1;ndez.</subfield>
  </datafield>
  <datafield tag="246" ind1="2" ind2="1">
    <subfield code="a">Puerto Saavedra en 3 tiempos.</subfield>
  </datafield>
  <datafield tag="250" ind1=" " ind2=" ">
    <subfield code="a">1a edici&#xF3;n.</subfield>
  </datafield>
  <datafield tag="260" ind1=" " ind2=" ">
    <subfield code="a">Concepci&#xF3;n, Chile :</subfield>
    <subfield code="b">Consejo Nacional de la Cultura y las Artes ; Red Cultura,</subfield>
    <subfield code="c">2016.</subfield>
  </datafield>
  <datafield tag="300" ind1=" " ind2=" ">
    <subfield code="a">2 folletos :</subfield>
    <subfield code="b">ilustraciones en color.</subfield>
  </datafield>
  <datafield tag="505" ind1="0" ind2=" ">
    <subfield code="t">Puerto Saavedra en 3 tiempos.</subfield>
    <subfield code="t">Puerto Saavedra al paso.</subfield>
  </datafield>
  <datafield tag="653" ind1="1" ind2="0">
    <subfield code="a">Arte contempor&#xE1;neo</subfield>
  </datafield>
  <datafield tag="653" ind1="1" ind2="0">
    <subfield code="a">Arte - Chile</subfield>
  </datafield>
  <datafield tag="653" ind1="1" ind2="0">
    <subfield code="a">Residencias art&#xED;sticas</subfield>
  </datafield>
  <datafield tag="653" ind1="1" ind2="0">
    <subfield code="a">Arte - Comunidades rurales</subfield>
  </datafield>
  <datafield tag="653" ind1="1" ind2="0">
    <subfield code="a">Encuentros art&#xED;sticos</subfield>
  </datafield>
  <datafield tag="653" ind1="1" ind2="0">
    <subfield code="a">Intercambio art&#xED;stico colaborativo</subfield>
  </datafield>
  <datafield tag="653" ind1="1" ind2="0">
    <subfield code="a">Organizaciones art&#xED;sticas independientes</subfield>
  </datafield>
  <datafield tag="700" ind1="1" ind2=" ">
    <subfield code="a">Fern&#xE1;ndez, Leslie.</subfield>
    <subfield code="9">5955</subfield>
  </datafield>
  <datafield tag="999" ind1=" " ind2=" ">
    <subfield code="c">1273</subfield>
    <subfield code="d">1273</subfield>
  </datafield>
  <datafield tag="952" ind1=" " ind2=" ">
    <subfield code="0">0</subfield>
    <subfield code="1">0</subfield>
    <subfield code="2">ddc</subfield>
    <subfield code="4">0</subfield>
    <subfield code="7">0</subfield>
    <subfield code="a">LV</subfield>
    <subfield code="b">LV</subfield>
    <subfield code="c">Monograf&#xED;as</subfield>
    <subfield code="d">2017-09-02</subfield>
    <subfield code="l">0</subfield>
    <subfield code="o">707 C744r</subfield>
    <subfield code="p">004461</subfield>
    <subfield code="r">2017-09-02 00:00:00</subfield>
    <subfield code="w">2017-09-02</subfield>
    <subfield code="y">01</subfield>
  </datafield>
</record>
